Nicholas and the gang at school / (Record no. 130108)

MARC details
000 -LEADER
fixed length control field 00694nam a22002417a 4500
005 - DATE AND TIME OF LATEST TRANSACTION
control field 20170124110107.0
010 ## - LIBRARY OF CONGRESS CONTROL NUMBER
LC control number 847552
020 ## - INTERNATIONAL STANDARD BOOK NUMBER
Terms of availability 00.00
International Standard Book Number 0200724622
035 ## - SYSTEM CONTROL NUMBER
System control number B-027208
037 ## - SOURCE OF ACQUISITION
Source of stock number/acquisition Cen Lib/Ret
040 ## - CATALOGING SOURCE
Original cataloging agency DPL
Language of cataloging EN
082 ## - DEWEY DECIMAL CLASSIFICATION NUMBER
Classification number N
Item number GOS
100 ## - MAIN ENTRY--PERSONAL NAME
Personal name Goscinny
9 (RLIN) 102162
245 ## - TITLE STATEMENT
Title Nicholas and the gang at school /
Statement of responsibility, etc by Goscinny [and] Semple; translated by Anthea Bell; illustrated by Semple
260 ## - PUBLICATION, DISTRIBUTION, ETC. (IMPRINT)
Place of publication, distribution, etc London
Name of publisher, distributor, etc Abelard
Date of publication, distribution, etc 1976
270 ## - ADDRESS
City London
300 ## - PHYSICAL DESCRIPTION
Extent 143p.:
Dimensions 20cm(Hb)
Other physical details ill.
650 ## - SUBJECT ADDED ENTRY--TOPICAL TERM
Topical term or geographic name as entry element English literature
9 (RLIN) 102163
650 ## - SUBJECT ADDED ENTRY--TOPICAL TERM
Topical term or geographic name as entry element English novels
9 (RLIN) 102164
700 ## - ADDED ENTRY--PERSONAL NAME
Personal name Semple
9 (RLIN) 28312
700 ## - ADDED ENTRY--PERSONAL NAME
Personal name Bell. Anthea
9 (RLIN) 28313
942 ## - ADDED ENTRY ELEMENTS (KOHA)
Source of classification or shelving scheme Dewey Decimal Classification
Koha item type English Books
Classification part N
Call number suffix GOS
Holdings
Withdrawn status Lost status Damaged status Not for loan Home library Current library Date acquired Source of acquisition Cost, normal purchase price Total Checkouts Full call number Barcode Date last seen Copy number Cost, replacement price Price effective from Koha item type
        Central Library Central Library 08/07/2015 Cen Lib/Ret 0.00   N GOS 847552 08/07/2015 1 0.00 08/07/2015 English Books

© Delhi Public Library
Hit Counter
free hit counter